| 000 | 00899nac a22002537a 4500 | ||
|---|---|---|---|
| 001 | BR8303990 | ||
| 003 | BR-BrBNA | ||
| 005 | 20240105115811.0 | ||
| 008 | 230509b bl.|||m| |||| 00| 0 por d | ||
| 040 |
_aBR-BrBNA _bpor _cBiblioteca Nacional de Agricultura |
||
| 072 | _aP10 | ||
| 090 | _aP10 BR8303990 | ||
| 110 | 1 |
_aDepartamento Nacional de Aguas e Energia Eletrica, Sao Paulo, SP (Brasil) _93270 |
|
| 245 | 1 |
_aBoletim fluviometrico. Serie F-4-01 Bacia do Rio Sao Francisco. Dados atualizados ate 1975 [Brasil] _bv. 2 |
|
| 260 | 3 |
_aSao Paulo, SP (Brasil): _c1983. |
|
| 300 | _a445 p. | ||
| 490 |
_aBoletim Fluviometrico - Departamento Nacional de Aguas e Energia Eletrica (Brazil) _v _x |
||
| 500 | _aNumerical data | ||
| 650 | _aFLUVIOMETRIA | ||
| 650 | _aBACIA HIDROGRAFICA | ||
| 650 | _aRIO SAO FRANCISCO | ||
| 909 |
_a202312 _bLúcia Elande _c55 _dLúcia Elande |
||
| 942 |
_2AGRIS _n0 _cMS |
||
| 999 |
_c276452 _d276452 |
||